Vampires & violets : lesbians in the cinema /

Gespeichert in:
Bibliographische Detailangaben
1. Verfasser: Weiss, Andrea
Format: Buch
Sprache:Englisch
Veröffentlicht: London : Jonathan Cape, 1992
Tags: Tag hinzufügen
Keine Tags, Fügen Sie das erste Tag hinzu!

MARC

LEADER 00000nam a22000007i 4500
001 IT\ICCU\UBO\3831914
003 ItRI
005 20260115231814.0
008 101216s1992 xxk|||||| ||||| |||||c
020 |a 0224035754 
040 |b ita  |c importazione bologna sebina 
041 7 |a eng  |2 ISO-639-2 
100 1 |a Weiss, Andrea  |0 IT\ICCU\TO0V\643935 
240 1 0 |a Vampires & violets  |3 IT\ICCU\UBO\4879478  |9 Weiss, Andrea 
245 1 0 |a Vampires & violets :  |b lesbians in the cinema /  |c Andrea Weiss. 
246 1 3 |a Vampires and violets.  |9 IT\ICCU\UBO\3831920 
260 |a London :  |b Jonathan Cape,  |c 1992 
300 |a 184 p. :  |b ill. ;  |c 25 cm. 
500 |a Tit. in cop.  |0 IT\ICCU\UBO\3831920 
942 |2 ddc  |c BK  |n 0 
952 |0 0  |1 0  |4 0  |6 L_791_436000000000000_WEI  |7 0  |9 13034  |a BO  |b BO  |d 2026-01-15  |i 18195  |l 0  |o L 791.436 WEI  |p BO18195  |r 2026-01-15 23:18:14  |w 2026-01-15  |x [Sebina 5] [1 v.]  |y BK  |z 1 v. 
999 |c 11166  |d 11166